[Event "TP 40 Züge 2 Stunden"]
[Site "?"]
[Date "2009.??.??"]
[Round "?"]
[White "Risc 2500 2MB aktiv, Saitek"]
[Black "Magellan, Mephisto"]
[Result "0-1"]
[WhiteElo "2254"]
[BlackElo "2195"]
[Annotator "Thomas Jaeger"]
[PlyCount "132"]
[EventDate "2009.??.??"]

1. b3 d5 2. Bb2 {letzter Buchzug!} c5 3. e3 Nc6 {letzter Buchzug} 4. Nf3 Bg4 5.
Bb5 e6 {[%emt 0:00:00]} 6. Bxc6+ bxc6 7. d3 Nf6 8. Nbd2 Bd6 9. h3 Bxf3 10. Nxf3
O-O 11. O-O Re8 12. Re1 Rb8 13. e4 Bc7 14. e5 Nd7 15. Qe2 Rb6 16. Rad1 Qe7 17.
a4 Reb8 18. Bc1 a6 19. Ba3 Qd8 20. Qe3 Qf8 21. Qg5 Qe8 22. Qh4 R6b7 23. d4 cxd4
24. Qxd4 Ba5 25. Re2 Bb4 26. Bc1 Be7 27. Be3 Nc5 28. Ree1 Rb4 29. Qc3 Ne4 30.
Qd3 Qc8 31. Nd2 c5 {Maggie kommt in Vorteil} 32. Nxe4 Rxe4 33. Qc3 d4 34. Qd3
Rxe5 35. Bf4 Rxe1+ 36. Rxe1 Rb6 37. Be5 Qc6 38. Bf4 h6 39. Qg3 Bd6 40. Bxd6
Qxd6 {Rest in 60 min} 41. Qxd6 Rxd6 42. Re5 Rc6 43. Re4 f6 44. f4 g5 45. g3
gxf4 46. gxf4 Kf7 {-2,1 Maggie sieht also sehr klar vorne} 47. Kf2 Kg6 48. Re1
Kf5 49. Kf3 c4 50. b4 d3 {?} 51. cxd3 cxd3 52. b5 {?? Ke3 und remis !?} (52.
Ke3 Rb6 53. Rb1 d2 54. Kxd2 Kxf4) 52... d2 53. Rd1 axb5 54. axb5 Rc3+ 55. Ke2
Rxh3 {besser Tb3} 56. Rb1 Rh2+ 57. Ke3 h5 58. b6 d1=Q 59. Rxd1 Rb2 60. Rd6 h4
61. Kd4 h3 62. Kc5 h2 63. Rd1 Kxf4 64. Re1 Kf3 65. Kc4 Rxb6 66. Rd1 Rb2 0-1

[Event "TP 40 Züge 2 Stunden"]
[Site "?"]
[Date "2009.??.??"]
[Round "?"]
[White "Lyon 68020, Mephisto"]
[Black "Risc 2500 2MB aktiv, Saitek"]
[Result "1-0"]
[WhiteElo "2169"]
[BlackElo "2254"]
[Annotator "Thomas Jaeger"]
[PlyCount "79"]
[EventDate "2009.??.??"]

1. e4 d6 2. d4 Nf6 3. Nc3 g6 4. f4 Bg7 5. Nf3 O-O 6. Bd3 c5 7. dxc5 dxc5 8. e5
Nd5 9. Nxd5 Qxd5 10. Qe2 Nc6 11. Be4 {letzter Buchzug} Qd7 {letzter Buchzug}
12. Be3 Qc7 13. Qb5 Be6 14. Qxc5 Rac8 15. Ng5 Bg4 {die Eröffnung ist Risc
misslungen} 16. h3 {[%emt 0:00:00]} Bf5 17. Bxf5 gxf5 18. e6 f6 19. Nf3 Ne5 20.
Qxc7 Nxf3+ 21. gxf3 Rxc7 22. O-O-O Rc6 23. Rd7 Rxe6 24. Bxa7 b6 25. Rb7 Bh6 26.
Rxb6 Bxf4+ 27. Kb1 Rxb6 28. Bxb6 Rb8 29. Bc5 Kf7 30. c4 e5 31. Rd1 e4 32. b4
Ke6 33. Kc2 Rg8 34. Rg1 Rg6 {? Td8 scheinzt gut zu sein} 35. a4 {?!} exf3 36.
a5 Rxg1 (36... Kd7 37. a6 Kc6 38. a7 Kb7 39. Rd1 Rg2+ 40. Kc3 Be5+ 41. Kb3 Bc7)
37. Bxg1 Kd6 38. a6 Kc7 39. Bf2 Kb8 40. b5 1-0

[Event "TP 40 Züge 2 Stunden"]
[Site "?"]
[Date "2009.??.??"]
[Round "?"]
[White "Risc 2500 2MB aktiv, Saitek"]
[Black "Lyon 68020, Mephisto"]
[Result "1-0"]
[WhiteElo "2254"]
[BlackElo "2169"]
[Annotator "Thomas Jaeger"]
[PlyCount "59"]
[EventDate "2009.??.??"]

1. e4 e6 2. d4 d5 3. Nd2 dxe4 4. Nxe4 {letzter Buchzug} Be7 5. Nf3 Nd7 6. Bd3
Ngf6 7. Nxf6+ Bxf6 {letzter Buchzug} 8. c3 c5 9. O-O cxd4 10. cxd4 Nb6 11. Be3
O-O 12. Qc2 h6 13. Bh7+ Kh8 14. Be4 Nd5 15. Qd2 Be7 16. Ne5 Bd6 17. Bxh6 Nf6
18. Bd3 (18. Bxg7+ Kxg7 19. Qg5+ Kh8 20. Qh6+ Kg8 21. Rfe1 Nxe4 22. Rxe4 f5 23.
Rh4 Qxh4 24. Qxh4) 18... Nd5 19. Bg5 Be7 20. f4 Kg8 21. Qf2 Nf6 22. Rac1 Qd6
23. Rc5 b6 24. Rc6 Qd5 25. Qh4 Qxd4+ 26. Kh1 Ba6 27. Bxa6 Rfd8 28. Bd3 Qa4 29.
Bxf6 Rxd3 30. Bxe7 1-0

[Event "TP 40 Züge 2 Stunden"]
[Site "?"]
[Date "2009.??.??"]
[Round "?"]
[White "Star Diamond, Novag"]
[Black "Risc 2500 2MB aktiv, Saitek"]
[Result "0-1"]
[WhiteElo "2161"]
[BlackElo "2254"]
[Annotator "Thomas Jaeger"]
[PlyCount "100"]
[EventDate "2009.??.??"]

1. e4 e5 2. Nf3 Nc6 3. Bb5 Bc5 4. c3 Nf6 5. d4 exd4 6. e5 Ne4 7. Qe2 d5 8. exd6
O-O 9. dxc7 Qd5 10. Bc4 Qd7 {letzter Buchzug - eine seltene Eröffnung} 11. O-O
{letzter Buchzug} Re8 12. cxd4 Nd6 13. dxc5 Rxe2 14. Bxe2 (14. cxd6 Re4 15. Bd5
Re8 16. Rd1 Kf8 17. Bb3 {wäre vielleicht besser}) 14... Ne4 15. Bf4 Qe7 16. Rd1
Bg4 17. h3 Qf6 18. Bc1 Be6 19. Bb5 Rf8 20. Bxc6 bxc6 21. Rd4 Bd5 22. Rb4 Rc8
23. Rb8 Be6 24. Be3 (24. Nbd2 {!} Nxc5 (24... Nxd2 25. Bxd2 Qe7 26. Bf4) 25.
Nb3 Ne4 26. Be3 Qe7 27. Bf4 g5 28. Bh2) 24... Qe7 25. Nbd2 Nxd2 26. Rxc8+ Bxc8
27. Bxd2 Qxc7 28. Nd4 Be6 29. Nxe6 fxe6 30. Re1 Qd7 31. Be3 Qd3 32. f3 Qc2 33.
Bd4 Qc4 34. Re4 Qxa2 35. Kf2 Qc4 36. Kg3 g6 37. h4 Kf7 38. Bf2 {SD bewertet 0,
00} Qb3 39. Rf4+ Kg8 40. Rd4 {SD weiterhin 0,00 bei Risc geht die Bewertung
über +2 auch Fritz 11 sieht mit 1, 86 ein klares Plus - Hat der SD es
verseppelt?} (40. Bd4 Qb4 41. Re4 Kf7 {wie soll Schwarz hier weiterkommen?})
40... Qxb2 {Rest in 60 min} 41. Rd8+ Kf7 42. Rd7+ Ke8 43. Rxh7 a5 44. h5 Qe5+
45. f4 Qc3+ 46. Kh4 Qf6+ 47. Kg3 g5 48. Kh2 gxf4 49. Ra7 Qb2 50. Kh3 {? SD
spielt diesen Zug, warum auch immer?} Qxf2 0-1

[Event "TP 40 Züge 2 Stunden"]
[Site "?"]
[Date "2009.??.??"]
[Round "?"]
[White "Risc 2500 2MB aktiv, Saitek"]
[Black "Star Diamond, Novag"]
[Result "0-1"]
[WhiteElo "2254"]
[BlackElo "2161"]
[Annotator "Thomas Jaeger"]
[PlyCount "126"]
[EventDate "2009.??.??"]

1. b3 {schon wieder!?} Nf6 2. Nf3 g6 {letzter Buchzug} 3. d4 {in einer
verrückten Partie gegen den Sapphire II spielte Risc allerdings ohne
Zusatzspeicher Sc3} d5 4. Bf4 Nbd7 5. c4 e6 6. e3 Bb4+ 7. Nbd2 c5 8. Bd3 Qa5 9.
Qc2 cxd4 10. exd4 h6 11. O-O g5 12. a3 gxf4 {SD behandelt die Eröffnung
wirklich nicht gut.} 13. axb4 Qxb4 14. cxd5 Nxd5 15. Rxa7 Rb8 16. Rc1 O-O 17.
Be4 N7f6 18. Ra4 Qe7 19. Bxd5 Nxd5 20. Ne5 Bd7 21. Nxd7 Qxd7 22. Nf3 b5 23.
Raa1 Rfc8 24. Qd3 Rxc1+ 25. Rxc1 Rc8 26. Rc5 {SD hat ausgeglichen!} Rxc5 27.
dxc5 Qa7 28. Qxb5 Nc3 29. Qf1 Qxc5 30. Qc4 Qa5 31. g3 Nd5 32. gxf4 Qa1+ 33. Kg2
Qf6 34. Kf1 Nxf4 35. b4 Nd5 36. Qg4+ Kf8 37. Kg2 h5 38. Qg3 Nf4+ 39. Kh1 Qa1+
40. Ng1 e5 {60 min für den Rest} 41. Qh4 Ke8 42. Qf6 Qd4 {besser Da8} 43. Qc6+
Ke7 44. Nf3 {b5!} Qd1+ 45. Ng1 Qd6 46. Qb7+ Qd7 47. Qxd7+ Kxd7 48. Nf3 f6 49.
b5 Kc7 50. Nd2 Kb6 51. Ne4 Nd5 52. Kg2 Kxb5 53. Kh3 Kc4 54. Kg2 {?!} Kd3 55.
Kf3 {?!} f5 56. Ng3 {noch ein Fehler} e4+ 57. Kg2 f4 58. Nxh5 Ke2 {[%emt 0:00:
11] SD + 2,} 59. Kg1 Ke1 {! SD versteht die Stellung} 60. Kg2 {Risc jetzt - 4,
10} f3+ 61. Kg3 Nc3 62. Nf6 Ne2+ 63. Kg4 {Risc sieht sich ca. 8 hinten} e3 0-1

[Event "TP 40 Züge 2 Stunden"]
[Site "?"]
[Date "2009.??.??"]
[Round "?"]
[White "Sapphire, Novag"]
[Black "Risc 2500 2MB aktiv, Saitek"]
[Result "1/2-1/2"]
[WhiteElo "2097"]
[BlackElo "2254"]
[Annotator "Thomas Jaeger"]
[PlyCount "48"]
[EventDate "2009.??.??"]

1. d4 d5 2. c4 e6 3. Nc3 c5 4. cxd5 exd5 5. Nf3 Nc6 6. g3 Nf6 7. Bg2 Be7 8. O-O
O-O 9. Bg5 cxd4 10. Nxd4 h6 11. Be3 Re8 12. Rc1 {letzter Buchzug} Bg4 13. h3
Be6 {letzter Buchzug} 14. Qa4 Qd7 15. Kh2 a6 16. Rfd1 Rec8 17. Nxc6 Rxc6 18.
Bd4 b5 19. Qa5 Rc4 20. Bxf6 Bb4 21. Qb6 Bc5 22. Qa5 {andere Züge sind
schlechter} Bb4 23. Qb6 Bc5 24. Qa5 Bb4 1/2-1/2

[Event "TP 40 Züge 2 Stunden"]
[Site "?"]
[Date "2009.??.??"]
[Round "?"]
[White "Risc 2500 2MB aktiv, Saitek"]
[Black "Sapphire, Novag"]
[Result "1-0"]
[WhiteElo "2254"]
[BlackElo "2097"]
[Annotator "Thomas Jaeger"]
[PlyCount "55"]
[EventDate "2009.??.??"]

1. d4 d5 2. Nf3 Nf6 3. c4 dxc4 4. e3 Bg4 5. Bxc4 e6 6. h3 Bh5 7. Nc3 Nbd7 8.
O-O Bd6 9. e4 e5 10. Be2 O-O 11. dxe5 Nxe5 12. Nd4 Bxe2 13. Qxe2 Ng6 14. Rd1
Qc8 15. Bg5 Be5 {letzter Buchzug} 16. Rac1 Rd8 17. Nf3 Rxd1+ 18. Nxd1 Bf4 19.
Bxf4 Nxf4 20. Qd2 N6h5 21. Ne3 Qe8 22. Rxc7 Qxe4 23. Qd7 Qb1+ {?} 24. Kh2 Rf8 {
20 min Zeit hierfür} 25. Rc8 g6 26. Rxf8+ {+9,32} Kxf8 27. Ne5 Qxa2 28. N3c4
1-0

[Event "TP 40 Züge 2 Stunden"]
[Site "?"]
[Date "2009.??.??"]
[Round "?"]
[White "Super Expert C, Novag"]
[Black "Risc 2500 2MB aktiv, Saitek"]
[Result "0-1"]
[WhiteElo "2002"]
[BlackElo "2254"]
[Annotator "Thomas Jaeger"]
[PlyCount "114"]
[EventDate "2009.??.??"]

1. e4 c5 2. c3 d5 3. exd5 Qxd5 4. d4 Nf6 5. Nf3 Bg4 6. Be2 e6 {letzter Buchzug}
7. Na3 Nc6 8. Nb5 {letzter Buchzug} O-O-O 9. h3 Bh5 10. g4 Bg6 11. c4 Qe4 12.
Nc3 Qc2 13. Qxc2 Bxc2 14. dxc5 Bxc5 15. O-O h5 16. g5 Ne4 17. Nxe4 Bxe4 18. Be3
b6 19. Rfd1 f6 20. Bxc5 bxc5 21. Rxd8+ Rxd8 22. Rd1 Rxd1+ 23. Bxd1 {Schwarz
steht seit Zügen leicht besser} Kd7 24. h4 Nb4 25. Nd2 Bg6 26. a3 Nd3 27. gxf6
gxf6 28. Bc2 e5 29. b4 e4 30. bxc5 {? besser Lxd3} Kc6 31. Nb3 Ne5 32. Kf1 Nxc4
33. a4 Nb2 34. a5 Nd3 35. Bxd3 exd3 36. Ke1 Bf7 37. Nc1 Kxc5 38. Nxd3+ Kb5 39.
a6 Kxa6 40. Kd2 Kb5 {Rest in 60 min} 41. Kc3 a5 42. Ne1 a4 43. Nc2 Kc5 44. Na3
Bb3 45. f3 Kd5 46. Kd3 Bd1 47. Ke3 {? danach stand auch für Risc der Sieg fest}
Kc5 48. Kd2 Bxf3 49. Kc3 Bd5 50. Nb1 f5 51. Na3 f4 52. Nc2 f3 53. Kd2 Be4 54.
Ne3 Kb4 55. Nd1 a3 56. Nc3 f2 57. Na2+ Kb3 {SEC gibt mit Ke2 auf} 0-1

[Event "TP 40 Züge 2 Stunden"]
[Site "?"]
[Date "2009.??.??"]
[Round "?"]
[White "Risc 2500 2MB aktiv, Saitek"]
[Black "Super Expert C, Novag"]
[Result "1-0"]
[WhiteElo "2254"]
[BlackElo "2002"]
[Annotator "Thomas Jaeger"]
[PlyCount "41"]
[EventDate "2009.??.??"]

1. d4 g6 2. e4 Bg7 3. Nf3 d6 4. Bc4 Nf6 5. Qe2 {letzter Buchzug} Nc6 {letzter
Buchzug} 6. d5 Na5 7. Bd3 c6 8. Nc3 O-O 9. O-O Bg4 10. Bd2 Qb6 11. Rab1 Nd7 {?}
12. b4 {durch die vielen Schlagzüge sah dies SEC bei Sd7 nicht.} Bxf3 13. Qxf3
Bxc3 14. Bxc3 cxd5 15. bxa5 Qc7 16. Ba1 dxe4 17. Bxe4 Rab8 18. Rxb7 Rxb7 19.
Bxb7 Qxc2 20. Qe3 e5 21. Qxa7 {Risc gewann leicht +5,14} 1-0

[Event "TP 40 Züge 2 Stunden"]
[Site "?"]
[Date "2009.??.??"]
[Round "?"]
[White "Milano Pro, Mephisto"]
[Black "Super Expert C, Novag"]
[Result "1-0"]
[WhiteElo "2153"]
[BlackElo "2002"]
[Annotator "Thomas Jaeger"]
[PlyCount "49"]
[EventDate "2009.??.??"]

1. d4 d5 2. c4 c6 3. Nf3 Nf6 4. cxd5 cxd5 5. Nc3 Nc6 6. Bf4 {letzter Buchzug}
a6 7. Rc1 Ne4 {letzter Buchzug} 8. Nxe4 dxe4 9. Ne5 Nxe5 10. Bxe5 Qa5+ 11. Qd2
Qxa2 12. e3 Be6 13. Be2 f6 14. Bg3 Bd5 15. O-O e6 16. Rc7 Ba3 {? Da4 z.B.} 17.
Rxg7 Kf8 18. Rc7 b6 19. Bh5 e5 20. dxe5 Rd8 21. Bh4 (21. exf6 Rg8 22. bxa3 Qxd2
23. Bd6+ Rxd6 24. Rc8+ Rd8 25. Rxd8#) 21... Qxb2 22. Rf7+ Kg8 23. Qd1 f5 24.
Rxf5 Rd7 25. Bf6 1-0

[Event "TP 40 Züge 2 Stunden"]
[Site "?"]
[Date "2009.??.??"]
[Round "?"]
[White "Super Expert C, Novag"]
[Black "Milano Pro, Mephisto"]
[Result "0-1"]
[WhiteElo "2002"]
[BlackElo "2153"]
[Annotator "Thomas Jaeger"]
[PlyCount "212"]
[EventDate "2009.??.??"]

1. e4 e5 2. Nf3 Nc6 3. Bb5 a6 4. Ba4 d6 5. c3 Bd7 6. d4 g6 7. O-O Bg7 8. Re1 {
letzter Buchzug} Qe7 9. d5 Nd8 10. c4 {?!} b5 11. Bb3 Nf6 12. Nc3 b4 13. Na4
O-O 14. Bd2 a5 15. a3 Rb8 16. axb4 axb4 17. Qe2 Bc8 18. Rec1 Nd7 19. Qe3 f5 {
? jetzt kommt SEC klar in Vorteil} 20. exf5 gxf5 21. c5 Kh8 22. c6 Nb6 23. Nxb6
Rxb6 24. Ra7 Rb5 25. Rca1 (25. Qe2 Rb8 26. Nd4 e4 27. Nb5 Qf6 28. Bc4 Qxb2 29.
Rxc7 {ist besser}) 25... e4 26. R1a4 Bxb2 27. Bc4 Rc5 28. Rxb4 f4 29. Qe1 Bf6
30. Bc3 e3 {auch nicht so gut} 31. fxe3 fxe3 32. Qh4 {! auch andere Züge sind
wohl gut} (32. Bxf6+ Rxf6 33. Ra3 Rxf3 34. gxf3 Bh3 35. Ra8) 32... Bf5 {?! die
Stellung bleibt sehr kompliziert} 33. Qg5 {Txc7 oder Ld4 sind wohl besser} Bg6
34. Bxf6+ Qxf6 35. Qxe3 Bh5 36. Nd2 {Dd4 ist einfacher} Bg6 37. g3 {? h3 ist
doch besser} (37. Kh1 {? wurde lange erwogen} Re8 38. Qg1 Qc3 39. Qa1 Qxa1+ 40.
Rxa1 Bf7 {=}) 37... Nxc6 {! das hat SEC nicht gesehen} 38. dxc6 Re8 39. Qf2 Rf5
40. Nf3 {noch ein Fehler!} Rxf3 {Rest in 60 min} 41. Qd2 Qe5 {Tf8!} 42. Qb2 {
Tb5!} Rc3 43. Bb5 Qe3+ {Dc5!} 44. Qf2 Rc1+ 45. Bf1 Qxf2+ (45... Rxf1+ 46. Kxf1
Qd3+ 47. Kg1 Qd1+ 48. Kg2 Re2 49. Rb8+ Kg7 50. Rxc7+ Kh6 51. Re7 Rxf2+) 46.
Kxf2 Rf8+ 47. Rf4 Rxf4+ 48. gxf4 Rxc6 49. Ke3 Rc3+ 50. Kd2 Rc2+ 51. Ke1 Rxh2 {?
} 52. Rxc7 Rh4 53. Bc4 {?wieso nicht Td7????} Rxf4 54. Ke2 h5 55. Ke3 Re4+ 56.
Kf3 h4 57. Bd3 Re6 58. Bc4 Re5 59. Rd7 Be4+ 60. Kf2 (60. Kf4 h3 61. Rxd6 Rh5
62. Kxe4 h2 63. Rd1 h1=Q+ 64. Rxh1 {remis}) 60... d5 61. Bf1 Kg8 62. Bh3 Kf8
63. Rd6 Kg7 64. Ke3 Rg5 65. Rd7+ {? Kf4} Kh6 {?} 66. Kf4 Rg6 67. Rd8 Kh7 68.
Rd7+ Kg8 69. Ke5 Rg7 70. Rd8+ Kh7 71. Be6 {?? Kf4} Rg3 72. Rd7+ {jeder Zug ein
Fehler - so viel in einer Partie sieht man selten} Kh6 73. Rd8 Kg7 {?} 74. Rd7+
Kg6 75. Rd8 Rg5+ 76. Kd4 {? Kf4!} Kf6 77. Rd6 Ke7 78. Ra6 Bg2 79. Bc8 Kd8 80.
Ra8 {Le6!} Kc7 81. Be6 Kd6 {? oh Mann} 82. Ra6+ Kc7 {hier haben beide noch ca.
15 min} 83. Ra8 Rh5 84. Rc8+ Kb7 85. Rc5 h3 86. Bxh3 Rxh3 87. Rc2 Be4 88. Rc5
Rd3+ 89. Ke5 Rd1 90. Rb5+ Kc6 91. Rb8 Rd2 92. Rc8+ Kb5 93. Rb8+ Kc4 94. Rc8+
Kd3 95. Rd8 Rf2 96. Rd7 Ke3 97. Rg7 Rf5+ 98. Ke6 d4 99. Rg3+ Kf4 100. Rg1 d3
101. Rf1+ Bf3 102. Rf2 Re5+ 103. Kf7 Ke3 104. Rb2 d2 105. Rb1 Kd4 106. Ra1 Re1
0-1

[Event "TP 40 Züge 2 Stunden"]
[Site "?"]
[Date "2009.??.??"]
[Round "?"]
[White "Milano Pro, Mephisto"]
[Black "Star Diamond, Novag"]
[Result "0-1"]
[WhiteElo "2153"]
[BlackElo "2161"]
[Annotator "Thomas Jaeger"]
[PlyCount "104"]
[EventDate "2009.??.??"]

1. e4 c5 2. Nf3 d6 3. Bb5+ Bd7 4. Bxd7+ Qxd7 5. O-O Nf6 6. Re1 e6 7. c3 Nc6 8.
d4 cxd4 9. cxd4 d5 10. e5 Ne4 11. Nbd2 Nxd2 {letzter Buchzug} 12. Bxd2 {
letzter Buchzug} Rc8 13. Rc1 Be7 14. Bg5 O-O 15. Bxe7 Nxe7 16. Qd2 Qb5 17. a3
Rfd8 18. b4 h6 19. Red1 Rc4 20. Re1 Rdc8 21. Qb2 Nf5 22. h3 a6 23. Rf1 Qc6 24.
Rxc4 Qxc4 25. Rd1 Qc3 26. Qa1 b5 27. Kf1 Qb3 28. Kg1 Rc2 29. Rb1 Qc4 30. Rf1
Ra2 31. Qc1 {andere Züge sind nicht besser} Nxd4 32. Nxd4 Qxd4 33. Qc8+ Kh7 34.
Qxa6 Qd3 35. Qb7 Kg6 36. h4 h5 37. Qe7 Qf5 38. Qe8 Qxe5 39. Qxb5 Rxa3 40. Qc5
Rc3 {Rest in 60 min} 41. Qb6 {?} Rc2 (41... Rc4 42. g3 d4 43. Qa5 Qxa5 44. bxa5
Ra4) 42. Rb1 d4 43. Rd1 d3 {? wer spielt schwächer?} 44. Qd8 {?} (44. Qe3 Qxe3
45. fxe3 d2 46. Kf2 Rb2 47. g3 Kf5 48. Kf3) 44... Rd2 45. Rxd2 {nach 3 min}
Qe1+ 46. Kh2 Qxd2 47. Qd4 Qe2 48. Qc4 Qe5+ 49. g3 Qd5 50. Qc1 Qf3 51. Qc5 Qe2
52. g4 hxg4 0-1

[Event "TP 40 Züge 2 Stunden"]
[Site "?"]
[Date "2009.??.??"]
[Round "?"]
[White "Star Diamond, Novag"]
[Black "Milano Pro, Mephisto"]
[Result "1-0"]
[WhiteElo "2161"]
[BlackElo "2153"]
[Annotator "Thomas Jaeger"]
[PlyCount "93"]
[EventDate "2009.??.??"]

1. e4 c5 2. Nf3 d6 3. d4 cxd4 4. Nxd4 Nf6 5. Nc3 Nc6 6. Bg5 e6 7. Qd2 Be7 8.
O-O-O O-O 9. Nb3 Qb6 10. f3 Rd8 {letzter Buchzug} 11. Be3 Qc7 12. Qf2 b6 13. g4
Bb7 14. g5 Nd7 15. h4 Rac8 16. h5 Nb4 17. g6 Bf8 18. gxh7+ Kxh7 19. a3 Nc6 20.
h6 g6 21. Nb5 Qb8 22. N3d4 Nde5 23. Bg5 Nxd4 24. Rxd4 Rd7 25. f4 Nc6 26. Rd1
Nb4 {?!Mp sieht sich nur minimal hinten} 27. axb4 Bxe4 28. Bd3 Bxh1 29. Rxh1
Qb7 30. Qf1 a5 31. bxa5 {[%emt 0:00:00]} Ra8 32. f5 Rxa5 33. fxg6+ fxg6 34. Kb1
Rf7 35. Qe1 Qd5 36. Qh4 Rf3 {?} 37. Bxg6+ Kxg6 38. h7 Rf1+ 39. Rxf1 Qa2+ 40.
Kc1 Qa1+ {jetzt 60 min für den Rest} 41. Kd2 Qxf1 42. h8=Q Qg2+ 43. Ke3 Qg1+
44. Ke2 Qg2+ 45. Qf2 Qxg5 46. Qg8+ Bg7 47. Qff7+ {SD gibt matt in weiteren 7
Zügen} 1-0

[Event "TP 40 Züge 2 Stunden"]
[Site "?"]
[Date "2009.??.??"]
[Round "?"]
[White "Milano Pro, Mephisto"]
[Black "Atlanta, Mephisto"]
[Result "1/2-1/2"]
[WhiteElo "2153"]
[BlackElo "2195"]
[Annotator "Thomas Jaeger"]
[PlyCount "114"]
[EventDate "2009.??.??"]

1. d4 Nf6 2. Nf3 d5 3. c4 e6 4. Nc3 c6 5. e3 Nbd7 6. Qc2 Bd6 7. b3 O-O 8. Be2
e5 9. cxd5 Nxd5 10. Nxd5 cxd5 11. dxe5 Nxe5 {letzter Buchzug} 12. Bb2 {letzter
Buchzug} Nxf3+ 13. Bxf3 Qa5+ 14. Kd1 {?!} Be6 15. Bc3 Bb4 16. Bxb4 Qxb4 17. Qd2
Qxd2+ {?!} 18. Kxd2 Bf5 19. Ke2 Be4 20. Rhd1 Rfd8 21. Bxe4 dxe4 22. Rxd8+ Rxd8
23. Rc1 f5 24. Rc7 Rb8 25. b4 h5 26. f3 exf3+ 27. Kxf3 Kh7 28. Kf4 Kh6 {? es
folgen unverständliche Züge auf beiden Seiten} 29. h3 g6 30. g3 a6 31. a3 Rd8
32. Rxb7 Rd1 33. Kf3 Ra1 34. Ra7 Rxa3 35. b5 a5 36. Ke2 Kg5 37. b6 Rb3 38. b7
h4 39. g4 fxg4 40. Rxa5+ Kh6 {Rest in 60 min} 41. hxg4 Rxb7 42. Kf3 Rb2 43. e4
Rb3+ 44. Kf4 Rb1 45. Kf3 Rg1 46. Ra2 g5 47. Rg2 Rxg2 48. Kxg2 Kg7 49. Kf3 Kf6
50. Kf2 Ke5 51. Ke3 h3 52. Kf3 h2 53. Kg2 h1=N 54. Kxh1 Kf4 55. Kh2 {beide
bewerten 0,00} Kxg4 56. e5 Kf5 57. e6 Kxe6 1/2-1/2

[Event "TP 40 Züge 2 Stunden"]
[Site "?"]
[Date "2009.??.??"]
[Round "?"]
[White "Atlanta, Mephisto"]
[Black "Milano Pro, Mephisto"]
[Result "1/2-1/2"]
[WhiteElo "2195"]
[BlackElo "2153"]
[Annotator "Thomas Jaeger"]
[PlyCount "81"]
[EventDate "2009.??.??"]

1. c4 e5 2. Nc3 Nf6 3. Nf3 Nc6 4. d4 exd4 5. Nxd4 Bb4 6. Bg5 O-O 7. e3 Re8 {
letzter Buchzug} 8. Be2 {letzter Buchzug} h6 9. Bh4 Re4 10. Bxf6 Bxc3+ 11. bxc3
Qxf6 12. O-O Re8 13. Nxc6 dxc6 14. Qb3 b6 15. Bf3 Bf5 16. Rad1 a5 17. Rd4 Qg6
18. Qa4 Re6 19. Rd2 Rae8 20. Rfd1 Be4 21. Bxe4 Rxe4 22. Rd7 Qe6 23. R1d3 Rxc4
24. Qb3 a4 25. Qc2 Qe5 26. R3d4 Rxd4 27. cxd4 Qa5 28. h3 Rc8 29. a3 Qb5 30. Qe4
Qc4 31. Kh2 Qa2 32. Qf4 c5 33. dxc5 bxc5 34. Kg3 Qb3 35. Rxc7 Rxc7 36. Qxc7
Qxa3 37. Qc8+ Kh7 38. Qf5+ Kg8 39. Qc8+ Kh7 40. Qf5+ Kg8 41. Qc8+ 1/2-1/2

[Event "TP 40 Züge 2 Stunden"]
[Site "?"]
[Date "2009.??.??"]
[Round "?"]
[White "Milano Pro, Mephisto"]
[Black "Magellan, Mephisto"]
[Result "0-1"]
[WhiteElo "2153"]
[BlackElo "2195"]
[Annotator "Thomas Jaeger"]
[PlyCount "72"]
[EventDate "2009.??.??"]
[TimeControl "60+1"]

1. c4 c6 2. d4 d5 3. Nf3 e6 4. Nc3 Nf6 5. e3 Nbd7 6. a3 Bd6 7. Bd3 O-O 8. O-O
dxc4 9. Bxc4 e5 10. e4 Qe7 11. Be3 exd4 12. Bxd4 Ne5 13. Nxe5 {letzter Buchzug}
Bxe5 {letzter Buchzug} 14. f4 Bxd4+ 15. Qxd4 Rd8 16. Qe5 Qf8 17. Rfd1 Bg4 18.
Rxd8 Qxd8 19. Rb1 {?!} Qb6+ 20. Kh1 Re8 21. Qd6 Bc8 22. Rd1 Qxb2 23. Qc7 Be6
24. Bxe6 Rxe6 25. Qa5 h6 26. e5 Ng4 27. Ne4 g5 28. Nf6+ Nxf6 29. exf6 Qxf6 30.
Qxa7 gxf4 31. Qxb7 f3 32. Rg1 {?} (32. Qb8+ Kh7 33. g3 f2 34. Qb1+ Kg7 35. Kg2)
32... f2 33. Qb8+ Kg7 34. Qg3+ Kh7 35. Qd3+ Kh8 36. Qb1 Qc3 0-1

[Event "TP 40 Züge 2 Stunden"]
[Site "?"]
[Date "2009.??.??"]
[Round "?"]
[White "Magellan, Mephisto"]
[Black "Milano Pro, Mephisto"]
[Result "1/2-1/2"]
[WhiteElo "2195"]
[BlackElo "2153"]
[Annotator "Thomas Jaeger"]
[PlyCount "61"]
[EventDate "2009.??.??"]
[TimeControl "60+1"]

1. e4 c5 2. Nc3 Nc6 3. g3 g6 4. Bg2 Bg7 5. d3 e6 6. Be3 d6 7. Nge2 Nd4 8. Qd2
Ne7 9. O-O O-O 10. f4 {letzter Buchzug} f5 {letzter Buchzug} 11. Rae1 fxe4 12.
dxe4 Nec6 13. Nd1 Nxe2+ 14. Rxe2 b6 15. e5 d5 16. Ree1 Ba6 17. Rf2 Rc8 18. Qc1
d4 19. Bd2 Qc7 20. a3 Bb7 21. Rff1 a5 22. b3 Rce8 23. Nb2 Ba6 24. Nd3 Re7 25.
Rd1 Ref7 26. Bh3 Re8 27. Qb2 Bb7 28. Rc1 Ba6 29. Rcd1 Bb7 30. Rc1 Ba6 31. Rcd1
1/2-1/2

[Event "TP 40 Züge 2 Stunden"]
[Site "?"]
[Date "2009.??.??"]
[Round "?"]
[White "Milano Pro, Mephisto"]
[Black "Sapphire, Novag"]
[Result "1/2-1/2"]
[WhiteElo "2153"]
[BlackElo "2097"]
[Annotator "Thomas Jaeger"]
[PlyCount "125"]
[EventDate "2009.??.??"]
[TimeControl "60+1"]

1. c4 c5 2. Nc3 Nc6 3. Nf3 Nf6 4. d4 cxd4 5. Nxd4 e6 6. Ndb5 d5 7. Bf4 e5 8.
cxd5 exf4 9. dxc6 bxc6 10. Qxd8+ Kxd8 11. Rd1+ Bd7 {letzter Buchzug} 12. Nd6 {
letzter Buchzug} Ke7 13. Rd4 Be6 14. Nb7 Nd5 15. Na5 Nxc3 (15... Kd7 16. Nxd5
Bxd5 17. a3 g5 {Schwarz steht besser}) 16. Nxc6+ Ke8 17. bxc3 Rc8 18. Nxa7 {
[%emt 0:00:00]} Rxc3 19. Nb5 Rc1+ 20. Kd2 Rc4 21. a4 Rxd4+ 22. Nxd4 Bd7 23. e4
Bc5 24. Kc3 Bxa4 25. Bc4 Ke7 26. Nf5+ Kf6 27. Ra1 Bd7 28. Ra6+ Be6 29. Nd4
Bxd4+ 30. Kxd4 Rb8 31. h3 Rb4 32. Rc6 Ke7 33. Kc3 Rb1 34. Kd4 Bxc4 35. Rxc4 Rb2
36. f3 Kd6 37. Ra4 Rd2+ 38. Kc4 Rxg2 39. Ra6+ Ke7 40. Ra7+ Kf6 {Rest in 60 min}
41. h4 g6 42. Ra6+ Kg7 43. Kd5 Rg3 44. Ra3 Rh3 45. e5 Rxh4 46. Ra7 Rh2 (46...
Rh5 47. Ke4 Rf5 48. e6 Rf6 49. e7 Re6+ 50. Kxf4 Kf6 {gewinnt wohl}) 47. Ke4
Re2+ 48. Kxf4 h5 49. Ra1 h4 50. Kg4 Rxe5 51. Kxh4 g5+ 52. Kh5 Kf6 53. Ra7 Rc5
54. Kh6 Rf5 55. Ra3 Re5 {Ke5!} 56. Ra6+ Re6 57. Ra5 Re3 58. Ra6+ Kf5 59. Ra5+
Kf4 60. Ra4+ Kg3 61. Kxg5 Rxf3 62. Rg4+ Kf2 63. Rf4 1/2-1/2

[Event "TP 40 Züge 2 Stunden"]
[Site "?"]
[Date "2009.??.??"]
[Round "?"]
[White "Sapphire, Novag"]
[Black "Milano Pro, Mephisto"]
[Result "1-0"]
[WhiteElo "2097"]
[BlackElo "2153"]
[Annotator "Thomas Jaeger"]
[PlyCount "61"]
[EventDate "2009.??.??"]
[TimeControl "60+1"]

1. e4 c5 2. Nf3 e6 3. d4 cxd4 4. Nxd4 Nf6 5. Nc3 Nc6 {letzter Buchzug} 6. Ndb5
Bb4 7. Bf4 {letzter Buchzug} e5 8. Bg5 O-O 9. a3 Ba5 10. b4 Bb6 11. Qf3 a6 {?
h6} 12. Nd5 Bxf2+ 13. Qxf2 Nxe4 14. Bxd8 Nxf2 15. Kxf2 Rxd8 16. Nb6 Rb8 17. Nd6
Kf8 {[%emt 0:00:00]} 18. Re1 g6 19. c4 f6 20. Nbxc8 {damit hat es keine Eile}
Rdxc8 21. Nxc8 Rxc8 22. Ke3 Kf7 23. Be2 Ne7 24. Rc1 d5 25. cxd5 Nxd5+ 26. Ke4
Rxc1 27. Rxc1 Ke6 28. Bc4 f5+ 29. Kd3 b5 30. Bxd5+ Kxd5 31. Rc7 1-0